000
00212 a2200097 4500
001
9663
100
_a
Price, W
245
_a
Nuclear Radiation Detection
260
_a
_b
Mc Graw Hill Book
_c
090
_c
7697
_d
7697
942
_a
NUST-CAE
_c
M
_c
34374
999
_c
244736
_d
244736